ბათუმის შოთა რუსთაველის სახელმწიფო უნივერსიტეტის ბიბლიოთეკა

Античность. Средние века. Новое время : (ბიბ.ჩანაწერი № 60876)

000 -LEADER
fixed length control field 00923nam a22001937a 4500
005 - DATE AND TIME OF LATEST TRANSACTION
control field 20231113164451.0
008 - FIXED-LENGTH DATA ELEMENTS--GENERAL INFORMATION
fixed length control field 231113s1977 ru ||||| |||| 00| 0 rus d
041 ## - LANGUAGE CODE
Language code of text/sound track or separate title rus
080 ## - UNIVERSAL DECIMAL CLASSIFICATION NUMBER
Universal Decimal Classification number 7 A-72
245 ## - TITLE STATEMENT
Title Античность. Средние века. Новое время :
Remainder of title Проблемы искусства /
Statement of responsibility, etc. Акад. наук СССР, Всесоюз. НИИ искусствознания министерства культуры СССР.
264 ## - PRODUCTION, PUBLICATION, DISTRIBUTION, MANUFACTURE, AND COPYRIGHT NOTICE
Place of production, publication, distribution, manufacture Москва :
Name of producer, publisher, distributor, manufacturer Наука,
Date of production, publication, distribution, manufacture, or copyright notice 1977.
300 ## - PHYSICAL DESCRIPTION
Extent 256 стр.:
Other physical details ил.;
Dimensions 22 см.
653 ## - INDEX TERM--UNCONTROLLED
keyword წიგნი მინიატურა
653 ## - INDEX TERM--UNCONTROLLED
keyword არქიტექტურა
653 ## - INDEX TERM--UNCONTROLLED
keyword ფერწერა
653 ## - INDEX TERM--UNCONTROLLED
keyword კერამიკა
710 ## - ADDED ENTRY--CORPORATE NAME
Corporate name or jurisdiction name as entry element Акад. наук СССР, Всесоюз. НИИ искусствознания министерства культуры СССР
9 (RLIN) 20362
942 ## - ADDED ENTRY ELEMENTS (KOHA)
Source of classification or shelving scheme
Koha item type წიგნი
ეგზემპლარები
Withdrawn status Lost status Source of classification or shelving scheme Damaged status Not for loan Permanent Location Current Location Shelving location Date acquired Cost, normal purchase price Full call number Barcode Date last seen Copy number Uniform Resource Identifier Price effective from Koha item type Public note
          ბათუმის შოთა რუსთაველის სახელმწიფო უნივერსიტეტის მთავარი ბიბლიოთეკა ბათუმის შოთა რუსთაველის სახელმწიფო უნივერსიტეტის მთავარი ბიბლიოთეკა წიგნსაცავი 2023-11-13 10.00 7 A-72 65433 2023-11-13 65433 ბსუ-ს საპატიო დოქტორის გურამ ლორთქიფანიძის საჩუქარი 2023-11-13 წიგნი 10 ლ.